000 00451nam a2200169Ia 4500
003 GCL
008 140319s9999 xx 000 0 eng d
040 _aGCL /
_cGCL
082 0 4 _a629.13252
_bD A
100 1 _aDAVIES, R. V
245 1 0 _aTHE AIR CRAFT PERFORMANCE: REQUIREMENTS MANUAL /
_cDAVIES, R. V
260 _a[S.N] :
_bAIRLIFE PUBLISHING ،
_c1991
300 _a182
650 0 4 _aAIR CRAFT FLYING
650 0 4 _aAIR PLANES
942 _2ddc
_cBK
999 _c11106
_d11106